| 000 | 00568aam a2200229 4500 | ||
|---|---|---|---|
| 005 | 20160726111951.0 | ||
| 008 | 150903b xxu||||| |||| 00| 0 spa d | ||
| 041 | _aES | ||
| 082 |
_a657 _bH816c |
||
| 100 |
_aHorngren, Charles _94659 |
||
| 100 |
_aHarrison, Walter _912476 |
||
| 245 | _aContabilidad | ||
| 260 | _aMéxico | ||
| 260 | _bPrentice-Hall | ||
| 260 | _c1991 | ||
| 300 | _a641 páginas | ||
| 650 |
_aCONTABILIDAD _92655 |
||
| 650 |
_aPRINCIPIOS DE CONTABILIDAD _912477 |
||
| 650 |
_aCOMPUTADORES _91607 |
||
| 650 |
_aCICLO CONTABLE _92689 |
||
| 942 | _cBK | ||
| 999 |
_c783 _d783 |
||